Bambi Franchise - Statistics

General Stats
  • This quiz has been taken 41 times
    30 since last reset
  • The average score is 4 of 9
Answer Stats
Type Year Name Info % Correct
Film 1942 Bambi Disney
100%
Novel 1923 Bambi, a Life in the Woods Felix Salten
100%
Film 2006 Bambi II Disney
93%
Short Film 1969 Bambi Meets Godzilla Archiplex
36%
Novel 1939 Bambi's Children: The Story of a Forest Family Felix Salten
21%
Film 1957 Perri Disney
21%
Novel 1938 Perri: The Youth of a Squirrel Felix Salten
21%
Film 1985 Bambi's Childhood Kosmos-Filmi
7%
Novel 1929 Fifteen Rabbits Felix Salten
7%
No matching quizzes found
Score Distribution
Percent of People with Each Score
Percentile by Number Answered
Your Score History
You have not taken this quiz since the last reset